Compressor handbook / (Record no. 61132)

000 -LEADER
fixed length control field 01370cam a22003254a 4500
001 - CONTROL NUMBER
control field 12195783
003 - CONTROL NUMBER IDENTIFIER
control field NUST-PNEC
005 - DATE AND TIME OF LATEST TRANSACTION
control field 20170116180715.0
008 - FIXED-LENGTH DATA ELEMENTS--GENERAL INFORMATION
fixed length control field 001005s2001 nyua bf 001 0 eng
010 ## - LIBRARY OF CONGRESS CONTROL NUMBER
LC control number 00051129
020 ## - INTERNATIONAL STANDARD BOOK NUMBER
International Standard Book Number 0070260052
040 ## - CATALOGING SOURCE
Transcribing agency PNEC
042 ## - AUTHENTICATION CODE
Authentication code pcc
050 00 - LIBRARY OF CONGRESS CALL NUMBER
Classification number TJ990
Item number .C623 2001
082 00 - DEWEY DECIMAL CLASSIFICATION NUMBER
Classification number 621.51 HAN
Edition number 21
100 ## - MAIN ENTRY--PERSONAL NAME
9 (RLIN) 675
Personal name Hanlon, Paul C.
245 00 - TITLE STATEMENT
Title Compressor handbook /
Statement of responsibility, etc. Paul C. Hanlon, editor.
260 ## - PUBLICATION, DISTRIBUTION, ETC.
Place of publication, distribution, etc. New York :
Name of publisher, distributor, etc. McGraw-Hill,
Date of publication, distribution, etc. 2001.
300 ## - PHYSICAL DESCRIPTION
Extent 1 v. (in various pagings) :
Other physical details ill. ;
Dimensions 25 cm.
500 ## - GENERAL NOTE
General note Includes Index http://www.amazon.com/s/ref=nb_sb_noss?url=search-alias%3Dstripbooks&field-keywords=0070260052
504 ## - BIBLIOGRAPHY, ETC. NOTE
Bibliography, etc. note Includes bibliographical references and index.
650 #0 - SUBJECT ADDED ENTRY--TOPICAL TERM
Topical term or geographic name entry element Compressors
Form subdivision Handbooks, manuals, etc.
General subdivision ME
700 1# - ADDED ENTRY--PERSONAL NAME
Personal name Hanlon, Paul C.
856 42 - ELECTRONIC LOCATION AND ACCESS
Materials specified Contributor biographical information
Uniform Resource Identifier <a href="http://www.loc.gov/catdir/bios/mh041/00051129.html">http://www.loc.gov/catdir/bios/mh041/00051129.html</a>
856 42 - ELECTRONIC LOCATION AND ACCESS
Materials specified Publisher description
Uniform Resource Identifier <a href="http://www.loc.gov/catdir/description/mh021/00051129.html">http://www.loc.gov/catdir/description/mh021/00051129.html</a>
856 41 - ELECTRONIC LOCATION AND ACCESS
Materials specified Table of contents
Uniform Resource Identifier <a href="http://www.loc.gov/catdir/toc/mh021/00051129.html">http://www.loc.gov/catdir/toc/mh021/00051129.html</a>
906 ## - LOCAL DATA ELEMENT F, LDF (RLIN)
a 7
b cbc
c orignew
d 1
e ocip
f 20
g y-gencatlg
942 ## - ADDED ENTRY ELEMENTS (KOHA)
Source of classification or shelving scheme
Koha item type Book
Holdings
Withdrawn status Lost status Source of classification or shelving scheme Damaged status Not for loan Permanent Location Current Location Shelving location Date acquired Source of acquisition Cost, normal purchase price Total Checkouts Full call number Barcode Date last seen Cost, replacement price Price effective from Koha item type
          Pakistan Navy Engineering College (PNEC) Pakistan Navy Engineering College (PNEC) Reference 03/25/2005 Royal Book Company 6886.56   621.51 HAN PNECLIB-026991 10/17/2014 6886.56 03/25/2005 Book
© 2023 Central Library, National University of Sciences and Technology. All Rights Reserved.